| 000 | 00717nam a22002297a 4500 | ||
|---|---|---|---|
| 005 | 20170124110052.0 | ||
| 010 | _a744663 | ||
| 020 | _c00.00 | ||
| 035 | _a744663 | ||
| 037 | _bCen Lib/Ret | ||
| 040 |
_aDPL _bEN |
||
| 082 |
_a881.08 _bYEA |
||
| 245 |
_a3000 years of black poetry : _cedited by Alan Lomax [and] Raoul Abdul _ban anthology / |
||
| 246 |
_aThree Thousand years of black poetry : _ban anthology / |
||
| 260 |
_aNew York _bDodd, Mead and Company _c1970 |
||
| 300 |
_axvii,261p. _c21cm(Hb) |
||
| 650 |
_aPoetry -- Black authors _925697 |
||
| 650 |
_aBlacks -- Poetry _925698 |
||
| 700 |
_aLomax, Alan _925699 |
||
| 700 |
_aAbdul, Raoul _925700 |
||
| 942 |
_2ddc _cEN _h881.08 _mYEA |
||
| 999 |
_c129199 _d129199 |
||